Sabrina the teenage witch cast 1996-2003 - Statistics

General Stats
  • This quiz has been taken 21 times
  • The average score is 8 of 75
Answer Stats
Actor Character % Correct
Melissa Joan Hart Sabrina Spellman
100%
Caroline Rhea Hilda Spellman
83%
Beth Broderick Zelda Spellman
78%
Nate Richert Harvey Kinkle
72%
Nick Bakay Salem Saberhagen
61%
Jenna Leigh Green Libby Chessler
56%
Douglas Sills Will
44%
Emily Hart Amanda
33%
Elisa Donovan Morgan Cavanaugh
33%
China Savers Dreama
28%
David Lascher Josh
28%
Soleil Moon Frye Roxie King
22%
Lindsey Sloane Valerie Birkhead
22%
Trevor Lissauer Miles Goodman
17%
Jon Huertas Brad Alcerro
11%
Dylan Neal Aaron Jacobs
6%
Diana Maria Riva Annie
6%
Mark Blankfield Blackbeard
6%
Andrew W. Walker Cole Harper
6%
Penn Jillete Drell
6%
Robby Benson Edward Spellman
6%
Doug Sheehan Edward Spellman
6%
Michelle Beaudoin Jenny Kelley
6%
Sean Laughton Ken
6%
Mary Gross Mrs. Quick
6%
Phil Fondacaro Roland
6%
Gary Bullock Abraham Lincoln
0%
Charles Shaughnessy Alec/ James Hexton
0%
Alexandra Hart Gilliams Ally/ young Zelda
0%
Frank Conniff Big Rudy/ Princd Randy
0%
Robert Picardo Bob Jacobs
0%
Billy West Bogart/ Newt
0%
steven M. Porter Bryce/ Clive Rexford
0%
Donna D'Errico Carol/ Nurse Nancy
0%
Melissa Murray Cee Cee
0%
Cee Cee Michaels Cee Cee
0%
Fred Stoller C.K.
0%
Ginger Williams Collette
0%
Patrick Thomas O'Brien Cupid
0%
Matt Battaglia Daniel Boone
0%
Eddie Cibrian Darryl
0%
Donald Faison Dashiell/ Justin
0%
Bryan Kirkwood Derek
0%
Alley Mills Diana Spellman
0%
Carl michael Lindner Dr Brickman
0%
Hiram Kasten Dr. Schwartz/ Lou Packard
0%
Erik Estrada Erik Estrada
0%
Barry Vigon Ernesto Jimenez/ Professor Spork
0%
Eamonn Roche Gary/ Buddy
0%
Curtis Andersen Gordie/ Salem Saberhagen
0%
Barbara Eden Great Aunt Irma
0%
Robert Bauer Hook
0%
Howie Dorough Howie Dorough/ Strum
0%
Bumper Robinson James/ Clifford Weaver
0%
Bridget Flanery Jill
0%
Henry Gibson Judge Samuels
0%
Corbin Allred Justin Thumb
0%
Michael Trucco Kevin
0%
John Ducey Leonard/ Dwayne Kraft
0%
Essence Atkins Marnie
0%
George Wendt Mike Shelby
0%
Daniel Hagen Mr. Birkhead
0%
Paul Feig Mr. Eugene Pool
0%
Beth Grant Mrs. Popowski
0%
Geoff Pierson President Wayne Banning
0%
Tom McGowan Principal Laru
0%
Martin Mull Principal Willard Kraft
0%
David Starzyk Professor Arthur Carlin
0%
Alimi Ballard Quizmaster Albert
0%
David O'Donnell Ramage
0%
Faith prince Shirley Jacobs
0%
Timothy Oman Sigmund Freud
0%
Teller Skippy
0%
Eric Jungmann Teenage Salem
0%
Scott Gurney Zack
0%
No matching quizzes found
Score Distribution
Percent of People with Each Score
Percentile by Number Answered
Your Score History
You have not taken this quiz